| 000 | 00821nam a22002657a 4500 | ||
|---|---|---|---|
| 001 | 103688 | ||
| 003 | UA-OsUOA | ||
| 005 | 20260304103914.0 | ||
| 007 | ta | ||
| 008 | 20131114b un ||||| |||| 00| 0 ukr d | ||
| 020 | _a9663130121 | ||
| 040 |
_aUA-OsUOA _bukr _cUA-OsUOA _dUA-OsUOA |
||
| 041 | _aukr | ||
| 080 | _a94(477) | ||
| 090 |
_a94(477) _bМ26 |
||
| 100 |
_aМаркевич М. _923219 |
||
| 245 |
_aІсторія Малоросії _cМикола Маркевич ; відп. ред. Ю. С. Шемшученко |
||
| 260 |
_aК. _bІн Юре _c2003 |
||
| 300 | _a664 с. | ||
| 650 | 7 |
_a94(477) Історія України _2UDC _940 |
|
| 700 | 1 |
_aШемшученко Ю. С. _eред. _93384 |
|
| 942 |
_cBK _2udc |
||
| 955 | _a1 | ||
| 999 |
_c390073 _d390073 |
||